Thomas Wolfe : (Record no. 200468055)

MARC details
000 -LEADER
fixed length control field 02324cam a2200493 i 4500
001 - CONTROL NUMBER
control field 200468055
003 - CONTROL NUMBER IDENTIFIER
control field TR-AnTOB
005 - DATE AND TIME OF LATEST TRANSACTION
control field 20260413084911.0
007 - PHYSICAL DESCRIPTION FIXED FIELD--GENERAL INFORMATION
fixed length control field ta
008 - FIXED-LENGTH DATA ELEMENTS--GENERAL INFORMATION
fixed length control field 260413t19611961nyuac b 000 0 eng
010 ## - LIBRARY OF CONGRESS CONTROL NUMBER
LC control number 61009123
015 ## - NATIONAL BIBLIOGRAPHY NUMBER
National bibliography number GB6111843
Source bnb
016 ## - NATIONAL BIBLIOGRAPHIC AGENCY CONTROL NUMBER
Record control number (AMICUS)000001173137
Record control number BA04252064
Source JP-ToKJK
Record control number 012211731
Source Uk
035 ## - SYSTEM CONTROL NUMBER
System control number (CLU)3429079-ucladb-Voyager
System control number (OCoLC)00964921
Canceled/invalid control number (OCoLC)382900
-- (OCoLC)847152898
-- (OCoLC)1145229593
-- (OCoLC)1153183945
-- (OCoLC)1166580715
-- (OCoLC)1224888825
-- (OCoLC)1231489462
-- (OCoLC)1298256853
System control number (OCoLC)ocm00964921
System control number (EXLNZ-01UCS_NETWORK)9912589325506531
System control number (TR-AnTOB)200468055
040 ## - CATALOGING SOURCE
Original cataloging agency DLC
Language of cataloging eng
Description conventions rda
Transcribing agency DLC
Modifying agency UKM
-- BTCTA
-- LVB
-- ZWZ
-- OKR
-- DEBBG
-- GBVCP
-- TUU
-- TMJ
-- OCLCF
-- OCLCQ
-- PRN
-- OCLCQ
-- OCLCO
-- FC@
-- NLC
-- OCLCA
-- LUE
-- OCLCO
-- OCLCQ
-- XFF
-- OCLCQ
-- GILDS
-- TYC
-- OCLCQ
-- OCLCO
-- CCH
-- OCLCQ
-- OCLCO
-- UKMGB
-- OCLCO
-- J9U
-- OCLCO
-- OCLCL
-- OCLCQ
-- YBM
-- OCLCO
-- MMM
-- U9X
-- OCLCL
-- OCLCQ
-- OCLCO
-- TR-AnTOB
041 0# - LANGUAGE CODE
Language code of text/sound track or separate title İngilizce
043 ## - GEOGRAPHIC AREA CODE
Geographic area code n-us-nc
050 00 - LIBRARY OF CONGRESS CALL NUMBER
Classification number PS3545.O337
Item number Z9 1961
090 ## - LOCALLY ASSIGNED LC-TYPE CALL NUMBER (OCLC); LOCAL CALL NUMBER (RLIN)
Classification number (OCLC) (R) ; Classification number, CALL (RLIN) (NR) PS3545.O337
Local cutter number (OCLC) ; Book number/undivided call number, CALL (RLIN) Z9 1961
100 1# - MAIN ENTRY--PERSONAL NAME
Personal name Walser, Richard,
Dates associated with a name 1908-1988
Relator term author
Relator code aut
Authority record control number or standard number http://id.loc.gov/authorities/names/n80057390
9 (RLIN) 153565
245 10 - TITLE STATEMENT
Title Thomas Wolfe :
Remainder of title an introduction and interpretation /
Statement of responsibility, etc. Richard Walser.
264 #1 - PRODUCTION, PUBLICATION, DISTRIBUTION, MANUFACTURE, AND COPYRIGHT NOTICE
Place of production, publication, distribution, manufacture New York :
Name of producer, publisher, distributor, manufacturer Barnes & Noble,
Date of production, publication, distribution, manufacture, or copyright notice [1961]
Date of production, publication, distribution, manufacture, or copyright notice ©1961
300 ## - PHYSICAL DESCRIPTION
Extent vii, 152 pages
Other physical details illustrations, portraits
Dimensions 21 cm
336 ## - CONTENT TYPE
Content type term text
Content type code txt
Source rdacontent
337 ## - MEDIA TYPE
Media type term unmediated
Media type code n
Source rdamedia
338 ## - CARRIER TYPE
Carrier type term volume
Carrier type code nc
Source rdacarrier
490 0# - SERIES STATEMENT
Series statement American authors and critics series ;
Volume/sequential designation AC1
504 ## - BIBLIOGRAPHY, ETC. NOTE
Bibliography, etc. note Includes bibliographical references.
505 0# - FORMATTED CONTENTS NOTE
Formatted contents note America and poetry -- Biographical -- "Look homeward, angel" -- "Of time and the river" -- "The web and the rock" -- "You can't go home again" -- Other writings.
520 ## - SUMMARY, ETC.
Summary, etc. Thomas Wolfe's life and career are surveyed, showing his standing in his tradition of American literature, underlined by a commentary on his novels and other writings.
600 10 - SUBJECT ADDED ENTRY--PERSONAL NAME
Personal name Wolfe, Thomas,
Dates associated with a name 1900-1938
General subdivision Criticism and interpretation
9 (RLIN) 153561
650 #0 - SUBJECT ADDED ENTRY--TOPICAL TERM
Topical term or geographic name entry element Autobiographical fiction, American
General subdivision History and criticism
9 (RLIN) 153562
651 #0 - SUBJECT ADDED ENTRY--GEOGRAPHIC NAME
Geographic name North Carolina
General subdivision In literature
9 (RLIN) 153563
942 ## - ADDED ENTRY ELEMENTS (KOHA)
Source of classification or shelving scheme Library of Congress Classification
Koha item type Book
Holdings
Withdrawn status Lost status Source of classification or shelving scheme Not for loan Collection code Home library Current library Shelving location Date acquired Source of acquisition Inventory number Total Checkouts Full call number Date last seen Copy number Date shelved Koha item type Public note
    Library of Congress Classification Ödünç Verilemez-Kurumiçi kullanım / Not for loan-For inhouse use Genel Koleksiyon Tıp Fakültesi Medikal Kütüphane Tıp Fakültesi Medikal Kütüphane Genel Koleksiyon / Main Collection 18/03/2026 Bağış / Donation İDE   PS3545.O337 Z9 1961 TıpFaK 13/04/2026 1 13/04/2026 Book Donated by Prof. Dr. Şükrü Cin
Devinim Yazılım Eğitim Danışmanlık tarafından Koha'nın orjinal sürümü uyarlanarak geliştirilip kurulmuştur.